Loading...
| Fine Arts - Classical Music | 0 | 4 | 0 | 2 | 40 | 79 | 121.75 | 0 | 1 | 0.00 | 0.00 |
| Fine Arts - Other | 1 | 4 | 3 | 0 | 40 | 102 | 121.20 | 0 | 2 | 0.00 | 0.00 |
| Religion | 2 | 1 | 0 | 0 | 40 | 56 | 66.67 | 2 | 3 | 0.00 | 0.00 |
| History - World | 1 | 2 | 0 | 1 | 35 | 69 | 99.00 | 0 | 2 | 0.00 | 0.00 |
| Science - Chemistry | 0 | 3 | 0 | 2 | 30 | 122 | 134.67 | 0 | 1 | 0.00 | 0.00 |
| Other Academic | 1 | 2 | 2 | 0 | 25 | 81 | 94.33 | 1 | 2 | 0.00 | 0.00 |
| Philosophy | 1 | 2 | 3 | 1 | 20 | 80 | 117.67 | 0 | 2 | 0.00 | 0.00 |
| Fine Arts - Painting and Sculpture | 0 | 2 | 0 | 1 | 20 | 104 | 111.50 | 0 | 1 | 0.00 | 0.00 |
| Literature - Poetry | 0 | 2 | 0 | 0 | 20 | 126 | 135.00 | 0 | 0 | 0.00 | 0.00 |
| Geography | 0 | 2 | 1 | 0 | 15 | 67 | 92.50 | 1 | 2 | 0.00 | 0.00 |
| History - American | 1 | 0 | 0 | 0 | 15 | 49 | 49.00 | 0 | 1 | 0.00 | 0.00 |
| Social Science | 0 | 2 | 2 | 0 | 10 | 85 | 98.50 | 1 | 1 | 0.00 | 0.00 |
| History - European | 0 | 1 | 0 | 0 | 10 | 95 | 95.00 | 0 | 0 | 0.00 | 0.00 |
| Literature - Drama | 0 | 1 | 1 | 1 | 5 | 156 | 156.00 | 0 | 0 | 0.00 | 0.00 |
| Short Fiction and Other | 0 | 1 | 1 | 1 | 5 | 114 | 114.00 | 0 | 0 | 0.00 | 0.00 |
| Literature - Long Fiction | 0 | 0 | 0 | 0 | 0 | 0.00 | 0 | 0 | 0.00 | 0.00 | |
| Science - Biology | 0 | 0 | 1 | 0 | -5 | 0.00 | 0 | 0 | 0.00 | 0.00 | |
| Mythology | 0 | 0 | 1 | 0 | -5 | 0.00 | 0 | 0 | 0.00 | 0.00 | |
| Current Events | 0 | 0 | 1 | 0 | -5 | 0.00 | 0 | 0 | 0.00 | 0.00 | |
| Science - Other | 0 | 0 | 2 | 0 | -10 | 0.00 | 0 | 0 | 0.00 | 0.00 |